Algorithms for Modeling the Formation and Processing of Information in X-Ray Tomography of Foam Materials; Russian Journal of Nondestructive Testing; Vol. 57, iss. 3
| Parent link: | Russian Journal of Nondestructive Testing Vol. 57, iss. 3.— 2021.— [P. 238-250] |
|---|---|
| Korporativní autor: | |
| Další autoři: | , , , , |
| Shrnutí: | Title screen Algorithms for modeling the spatial structure of foams for the formation of projections in X-ray computed tomography and subsequent reconstruction of the internal structure of the samples have been proposed. Algorithms are the basis for numerical models of the analyzed systems as applied to foam control. To demonstrate the capabilities of the developed algorithms, sinograms and results of reconstruction of the internal structure of foam samples with variation of their parameters were obtained. Режим доступа: по договору с организацией-держателем ресурса |
| Jazyk: | angličtina |
| Vydáno: |
2021
|
| Témata: | |
| On-line přístup: | https://doi.org/10.1134/S1061830921030050 |
| Médium: | MixedMaterials Elektronický zdroj Kapitola |
| KOHA link: | https://koha.lib.tpu.ru/cgi-bin/koha/opac-detail.pl?biblionumber=665215 |
MARC
| LEADER | 00000naa0a2200000 4500 | ||
|---|---|---|---|
| 001 | 665215 | ||
| 005 | 20250128163327.0 | ||
| 035 | |a (RuTPU)RU\TPU\network\36414 | ||
| 035 | |a RU\TPU\network\34330 | ||
| 090 | |a 665215 | ||
| 100 | |a 20210902d2021 k||y0rusy50 ba | ||
| 101 | 0 | |a eng | |
| 102 | |a US | ||
| 135 | |a drcn ---uucaa | ||
| 181 | 0 | |a i | |
| 182 | 0 | |a b | |
| 200 | 1 | |a Algorithms for Modeling the Formation and Processing of Information in X-Ray Tomography of Foam Materials |d Алгоритмы моделирования формирования и обработки информации в рентгеновской томографии пеноматериалов |f S. P. Osipov, I. A. Prishchepa, S. V. Chakhlov [et al.] | |
| 203 | |a Text |c electronic | ||
| 300 | |a Title screen | ||
| 320 | |a [References: 32 tit.] | ||
| 330 | |a Algorithms for modeling the spatial structure of foams for the formation of projections in X-ray computed tomography and subsequent reconstruction of the internal structure of the samples have been proposed. Algorithms are the basis for numerical models of the analyzed systems as applied to foam control. To demonstrate the capabilities of the developed algorithms, sinograms and results of reconstruction of the internal structure of foam samples with variation of their parameters were obtained. | ||
| 333 | |a Режим доступа: по договору с организацией-держателем ресурса | ||
| 461 | |t Russian Journal of Nondestructive Testing | ||
| 463 | |t Vol. 57, iss. 3 |v [P. 238-250] |d 2021 | ||
| 510 | 1 | |a Алгоритмы моделирования формирования и обработки информации в рентгеновской томографии пеноматериалов |z rus | |
| 610 | 1 | |a электронный ресурс | |
| 610 | 1 | |a труды учёных ТПУ | |
| 610 | 1 | |a foam materials | |
| 610 | 1 | |a mathematical modeling | |
| 610 | 1 | |a porosity | |
| 610 | 1 | |a X-ray sources | |
| 610 | 1 | |a X-ray recorders | |
| 610 | 1 | |a density | |
| 610 | 1 | |a effective atomic number | |
| 610 | 1 | |a X-ray computed tomography | |
| 701 | 1 | |a Osipov |b S. P. |c specialist in the field of non-destructive testing |c Leading researcher of Tomsk Polytechnic University, candidate of technical sciences |f 1958- |g Sergey Pavlovich |3 (RuTPU)RU\TPU\pers\35098 |9 18373 | |
| 701 | 1 | |a Prishchepa |b I. A. |g Inga Aleksandrovna | |
| 701 | 1 | |a Chakhlov |b S. V. |c physicist |c Head of the laboratory of Tomsk Polytechnic University, Candidate of physical and mathematical sciences |f 1956- |g Sergey Vladimirovich |3 (RuTPU)RU\TPU\pers\34254 |9 17785 | |
| 701 | 1 | |a Osipov |b O. S. |c specialist in the field of non-destructive testing |c research engineer of Tomsk Polytechnic University |f 1984- |g Oleg Sergeevich |3 (RuTPU)RU\TPU\pers\36463 | |
| 701 | 1 | |a Usachev |b E. Yu. |g Evgeny Yurjevich | |
| 712 | 0 | 2 | |a Национальный исследовательский Томский политехнический университет |b Институт неразрушающего контроля |b Российско-китайская научная лаборатория радиационного контроля и досмотра |3 (RuTPU)RU\TPU\col\21551 |
| 801 | 2 | |a RU |b 63413507 |c 20210902 |g RCR | |
| 856 | 4 | |u https://doi.org/10.1134/S1061830921030050 | |
| 942 | |c CF | ||